00878nam a22002412 450000100060000000300080000600500170001400800410003103500190007204000230009104100080011408200180012210000270014024500520016726000610021930000250028049000710030550001150037650400490049165000110054083000100055183000750056132336BD-RjUL20211209051823.0140426s1965 xx 001 0 eng d a(BD-RjUL)32425 aBWEcBWEdEQObeng aeng a297bRAI 19651 aRahman, Fazlur,d1905-10aIslamic methodology in history /cFazlur Rahman aKarachi :bCentral Institute of Islamic Research,c1965. axi, 208 p. ;c22 cm.1 aPublications of the Central Institute of Islamic Research ;vno. 2 a"Largely represents a series of articles which appeared in ... Islamic studies, from March 1962 to June 1963." aIncludes Bibliography: p. 193-195 and index. 0aIslam. 0vno. 2 0aPublications of the Central Institute of Islamic Research (Pakistan) ;